000 00443nam a2200181Ia 4500
001 20832
005 20260306172834.0
008 260306t2018||||xx |||||||||||||| ||spa||
041 _aESP
082 _a343.8
_bF42B
100 _aFernández Ventosilla, Arturo
_eAUT
245 0 _aFiscalización tributaria y laboral
260 _c2018
300 _a414 páginas :
_c25 cm.
650 _aGEN
654 _aCDE
942 _cLIB
_dJUS
_fJUS
_2ddc
_n
999 _c20832
_d20832